00290nam a2200121 a 450008200130000010000180001324500230003126000350005430000090008950000350009850500100013365000250014300a230bBUB aBuber, Martin aTwo Types of Faith aNew YorkbHarper and Rowc1951 a177p aincludes index and biblioraphy2 aIndex aChristian-Literature